Movies Quiz

Random Movies Quiz

Pianos in the Movies Quiz Stats

Quiz Updated Jul 29, 2013

Also try: Opening Scenes
Challenge
Share
Tweet
Score 0/24 Timer 06:00
2 Plays Today
% Correct
Ray
84.5%
The Aristocats
83.1%
Big
78.3%
Harry Potter and the Deathly Hallows: Part 1
78%
The Pianist
75.9%
Amadeus
75.4%
Twilight
73.5%
101 Dalmatians
71.6%
¡Three Amigos!
67.9%
The Hangover
61.7%
The Blues Brothers
61.7%
The Piano
59.7%
% Correct
Groundhog Day
57.6%
Casablanca
57.4%
Great Balls of Fire!
48.3%
Top Gun
40%
The Fabulous Baker Boys
30.8%
Forgetting Sarah Marshall
29.8%
Pretty Woman
27.2%
Rear Window
21.6%
Meet Me in St. Louis
20.7%
Orphan
19.7%
The Last Song
19.5%
The Muppets
11.6%

You're not logged in!

Compare scores with friends on all Sporcle quizzes.
Join for Free
OR
Log In

You Might Also Like...

Show Comments

Extras

Top Quizzes Today


Score Distribution

Your Account Isn't Verified!

In order to create a playlist on Sporcle, you need to verify the email address you used during registration. Go to your Sporcle Settings to finish the process.

Report this User

Report this user for behavior that violates our Community Guidelines.

Details: